| 000 | 00708cam a22002651 4500 | ||
|---|---|---|---|
| 001 | 29858 | ||
| 003 | BD-RjUL | ||
| 005 | 20211209051455.0 | ||
| 008 | 140407s1962 nyu 001 0 eng d | ||
| 035 | _a(BD-RjUL)29943 | ||
| 035 | _a(OCoLC)1370643 | ||
| 040 |
_aDLC _cTxU-Da _dOCoLC _dNcGU _dBD-RjUL _beng |
||
| 041 | _aeng | ||
| 082 |
_a150.81 _bSYH 1962 |
||
| 100 | 1 |
_aSykes, Gerald, _d1903- _990849 |
|
| 245 | 1 | 4 | _aThe hidden remnant / |
| 250 | _a[1st ed.] | ||
| 260 |
_aNew York : _bRoutledge and Kegan Paul Ltd., _c1962. |
||
| 300 |
_axiii, 241 p. ; _c22 cm. |
||
| 504 | _aIncludes index. | ||
| 650 | 0 |
_aPsychology. _990850 |
|
| 942 |
_2ddc _cBK |
||
| 999 |
_c29858 _d29858 |
||